Регионална библиотека "Любен Каравелов" - Русе

[Хиляда и петстотин] 1500 английски думи за 10 дни [CD-ROM] (Запис номер 219803)

MARC детайли
000 -Лидер
Контролно поле с фиксирана дължина 01234njm a2200325 c 4500
003 - Код на организацията, давaща контролен номер
Контролно поле BLK
005 - Дата и час на последна редакция
Контролно поле 20180421002416.0
008 - Елементи от данни с фиксирана дължина
fixed length control field 180410b bul||n||s|||||||| n|bulo|
010 ## - Наследен системен номер
LC control number CDD00002226000
040 ## - Източник на каталожния запис
Идентификатор на билиотеката - собственик на записа BLK
041 ## - Код за език
Код за езика на текст/звукозапис или на отделно заглавие Български
Код за езика КДБФ Английски
Други езици Английски
080 ## - УДК
Текстов определител УДК Английски език
УДК код - определител по УДК 811.111
УДК определител -3(086.76)
УДК - код + определител 811.111-3(086.76)
139 ## - Редно поле
Редна дума [Хиляда и петстотин] 1500 английски думи за 10 дни
Авторски знак Хил - Х 49
245 10 - Сведения за заглавието
Заглавие [Хиляда и петстотин] 1500 английски думи за 10 дни [CD-ROM]
257 ## - Страна на издаване
Страна на създаване/издаване България
260 ## - Област на издателските данни
-- София
Име на издателя, разпространителя и проч. СофтПрес
Година на издаване 2006
300 ## - Физическа характеристика
Страници (655 МВ)
Илюстрации и др. зв.
Размери/Мащаб 12 см
380 ## - Жанр
Жанр Езикознание. Филология
500 ## - Общи забележки
Забележка Изт. : Загл. екран ; Обложка. - Дигитално изд. - Към кн. със сигн. Цб 230623, Ч3 802.0/Х 49
590 ## - Забележки на библиотеката, притежаваща документа (RLIN)
Служебно S.N: 70298 от КНИГИ
650 #4 - Допълнително описание по предмет – тема
Основно описание – тема или топоним Английски език - лексика - учебни помагала
9 (RLIN) 274453
653 ## - Ключова дума – ненормативна
Ключова дума английски език
653 ## - Ключова дума – ненормативна
Ключова дума CD-ROM
653 ## - Ключова дума – ненормативна
Ключова дума лексика
852 ## - Местоположение
Форматна сигнатура Цб CD 1103
Част 0
856 4# - Електронен адрес и достъп
Електронен формат pdf - файл
Път до файла /url/
856 4# - Електронен адрес и достъп
Електронен формат pdf - файл
Път до файла /url/
942 ## - АРТИКУЛИ
Вид на библиотечния материал Компактдискове
Скрит в OPAC Не
Koha issues (borrowed), all copies 1
944 ## - СЪЗДАВАНЕ И РЕДАКЦИЯ на ЗАПИСА
Създаване/Редакция Създаване
Дата на регистрацията/редакция 28.12.2006
Служител, извършил регистрацията/редакцията Теодора_Стоянова
944 ## - СЪЗДАВАНЕ И РЕДАКЦИЯ на ЗАПИСА
Създаване/Редакция Редакция
Дата на регистрацията/редакция 09.01.2007
Служител, извършил регистрацията/редакцията
999 ## - СИСТЕМНИ КОНТРОЛНИ НОМЕРА
Koha biblionumber 219803
Koha biblioitemnumber 219803
Наличности
Код за отписване Код за изгубен артикул Източник на класификационната схема Код за повреда Коз за рестрикции Код за отдаване Артикулен № Име на библиотеката - собственик Име на библиотеката, в която се намира в момента Статус (Текущо местоположение) Дата на вписване в системата Местоположение - отдел Цена в лева Инвентарен номер Систематично азбучна сигнатура Баркод Номер на екземпляра Цена в евро Служебна бележка Служебен тип на артикула
  Не е изгубен Universal Decimal Classification Не е повреден без рестрикции заемане за дома 391425 Регионална библиотека "Любен Каравелов" Русе Регионална библиотека "Любен Каравелов" Русе ЧЧЗО - англ. ез. - Британски съвет 2006-12-28 ЧЧЗО - англ. ез. - Британски съвет 2.99 250000001927 Ч3 802.0-3/Х 49 250000001927 1 1.53 Дост: Pk Вид: Ф N: 47857 Дата: 21.12.2006 Компактдискове
Vip Innovations Ltd, Rousse, Bulgaria 2025